Bratislavský lekársko-prírodovedný spolok (1856 - 1945)

Podrobná bibliografia
Hlavný autor: Bokesová-Uherová, Mária, 1917-1997 (Autor)
Médium: Kniha
Jazyk:slovenčina
Fyzický popis:73 strán fotografie 24 cm
Vydavateľské údaje: V Bratislave Vydavateľstvo Slovenskej akadémie vied 1958
Edícia:Biologické práce
Predmet:

MARC

LEADER 00000cam a2200000 a 4500
001 vtls008313383
003 SK-MaSNL
005 20260425233420.0
008 230403s1958 xo o grb n 001 0 slo
015 |a SNBA1958/08-01127 
015 |a SNBSAB1958 
020 |q (brožované) 
035 |a SK01SNK19580005600 
035 |a urn:nbn:sk:snk-am3hygs 
035 |a 04AEC6F1-5D3B-472C-9A38-8D65A94A3D94 
035 |a urn:nbn:sk:snk-am00ddh5 
035 |a SKM000008063 
040 |a SNK  |b slo  |c SNK  |e AACR2 
041 0 |a slo  |b ger  |b rus 
043 |a e-xo--- 
044 |a xo  |c SK 
080 |a 061.2  |2 2011 
080 |a (437.6)  |2 2011 
080 |a (048.8)  |2 2011 
080 |a (01)-048.58  |2 2011 
080 |a 61  |2 2011 
080 |a 5  |2 2011 
100 1 |a Bokesová-Uherová, Mária,  |d 1917-1997  |4 aut  |9 102616 
245 1 0 |a Bratislavský lekársko-prírodovedný spolok  |b (1856 - 1945)  |c Mária Bokesová-Uherová 
246 3 1 |a Bratislavskoe obščestvo medicinskich i estestvennych nauk (1856-1945) 
246 3 1 |a Bratislavaer medzinisch-Naturwissenchaftlicher verein 
260 |a V Bratislave  |b Vydavateľstvo Slovenskej akadémie vied  |c 1958  |e Martin  |f Tlačiarne SNP 
300 |a 73 strán  |b fotografie  |c 24 cm 
366 |e 750 kusov 
490 1 |a Biologické práce  |v IV/3 
504 |a Obsahuje bibliografické odkazy a poznámky ; menný register ; súpis článkov a prednášok uverejnených v ročniciach spolku 
546 |a Nemecké a ruské resumé ; súbežný názov v nemčine a ruštine 
610 2 7 |a Bratislavský lekársko-prírodovedecký spolok (Slovensko)  |2 SNKKA  |9 188275 
650 0 7 |a spolky  |2 SNKPH  |9 4725 
650 0 7 |a medicína  |2 SNKPH  |9 899 
650 0 7 |a prírodné vedy  |2 SNKPH  |9 694 
651 7 |a Bratislava (Slovensko)  |2 SNKPHgeo  |9 14568 
655 7 |a prehľady  |2 SNKPH  |9 70194 
655 7 |a výberové bibliografie  |2 SNKPH  |9 70561 
752 |a Slovensko  |d Bratislava 
830 0 |a Biologické práce  |9 276853 
852 |a Slovenská národná knižnica 
954 |a odborná, vedecká literatúra pôvodná (slovenská)  |2 lita 
958 |a RK 
958 |a TL 
958 |a NB 
958 |a MI 
958 |a OND 
958 |a SF 
958 |a EUIPO 
999 |c 765237  |d 767167 
952 |a SNK  |b SNK  |y VYP  |7 0  |p 17A0009865  |o snkSC 7513/4/3 D1  |i snkKSP 2564/58  |0 0  |1 0  |4 0  |d 1996-10-30  |l 0  |r 2005-01-01 00:00:00  |w 2026-02-24 
952 |a SNK  |b SNK  |y PREZ  |7 0  |p 17A0781197  |o snkSC 7513/IV/3  |i snkKSP 2563/58  |0 0  |1 0  |4 0  |d 2012-03-05  |f 1  |l 0  |r 2025-07-04 00:00:00  |w 2026-02-24